Quick Pick: Subcategories by Three Words Quiz Stats

 Plays Quiz Updated Nov 26, 2017

Challenge
Share
Tweet
Embed
Score 0/15 Timer 01:00
5 Plays Today
% Correct
Board Games
92.4%
Math
92%
Mythology
91.3%
NBA
91.3%
Singers
91.1%
Halloween
90.8%
US Presidents
90.6%
Friends
90.4%
% Correct
Cartoons
89.6%
Shakespeare
88.5%
Country
87.7%
Oscar
83.8%
Baby Names
81.9%
Spanish
78.5%
Word Ladder
76.6%

Today's Daily Dose

Missing Word
Entertainment 'M'

Word Ladder
North Carolina

On This Day
January 16th II

You're not logged in!

Compare scores with friends on all Sporcle quizzes.
OR
Log In

You Might Also Like...

Show Comments

Extras

Top Quizzes Today


Score Distribution

Your Account Isn't Verified!

In order to create a playlist on Sporcle, you need to verify the email address you used during registration. Go to your Sporcle Settings to finish the process.

Report this User

Report this user for behavior that violates our Community Guidelines.

Details: